<?xml version="1.0" encoding="UTF-8"?>
<record
    xmlns:xsi="http://www.w3.org/2001/XMLSchema-instance"
    xsi:schemaLocation="http://www.loc.gov/MARC21/slim http://www.loc.gov/standards/marcxml/schema/MARC21slim.xsd"
    xmlns="http://www.loc.gov/MARC21/slim">

  <leader>01129nam a2200289 i 4500</leader>
  <controlfield tag="003">DO-SdBNP</controlfield>
  <controlfield tag="005">20240627082050.0</controlfield>
  <controlfield tag="007">ta</controlfield>
  <controlfield tag="008">240625t1981    mx adb|| |||| 00| 0 spa d</controlfield>
  <datafield tag="020" ind1=" " ind2=" ">
    <subfield code="a">9682409837</subfield>
  </datafield>
  <datafield tag="040" ind1=" " ind2=" ">
    <subfield code="a">DO-SdBNP</subfield>
    <subfield code="b">spa</subfield>
    <subfield code="c">BNPHU</subfield>
    <subfield code="e">rda</subfield>
  </datafield>
  <datafield tag="041" ind1=" " ind2=" ">
    <subfield code="h">eng</subfield>
  </datafield>
  <datafield tag="082" ind1=" " ind2="4">
    <subfield code="2">22</subfield>
    <subfield code="b">B943g</subfield>
  </datafield>
  <datafield tag="100" ind1="1" ind2=" ">
    <subfield code="a">Buol, S. W.</subfield>
    <subfield code="e">autor</subfield>
    <subfield code="9">85799</subfield>
  </datafield>
  <datafield tag="245" ind1="1" ind2="0">
    <subfield code="a">G&#xE9;nesis y clasificaci&#xF3;n de suelo /</subfield>
    <subfield code="c">S. W. Buol, F. D. Hole, R. J. McCracken; traductor, Agust&#xED;n Contin.</subfield>
  </datafield>
  <datafield tag="250" ind1=" " ind2=" ">
    <subfield code="a">2a. reimpresi&#xF3;n</subfield>
  </datafield>
  <datafield tag="264" ind1="4" ind2=" ">
    <subfield code="b">M&#xE9;xico :</subfield>
    <subfield code="a">Trillas,</subfield>
    <subfield code="c">@1981</subfield>
  </datafield>
  <datafield tag="300" ind1=" " ind2=" ">
    <subfield code="a">417 p&#xE1;ginas :</subfield>
    <subfield code="b">ilustracione, gr&#xE1;ficas, mapas ;</subfield>
    <subfield code="c">23 cm.</subfield>
  </datafield>
  <datafield tag="336" ind1=" " ind2=" ">
    <subfield code="2">rdacontent</subfield>
    <subfield code="a">texto</subfield>
    <subfield code="b">txt</subfield>
  </datafield>
  <datafield tag="337" ind1=" " ind2=" ">
    <subfield code="2">rdamedia</subfield>
    <subfield code="a">sin mediaci&#xF3;n</subfield>
    <subfield code="b">n</subfield>
  </datafield>
  <datafield tag="338" ind1=" " ind2=" ">
    <subfield code="2">rdacarrier</subfield>
    <subfield code="a">volumen</subfield>
    <subfield code="b">nc</subfield>
  </datafield>
  <datafield tag="500" ind1=" " ind2=" ">
    <subfield code="a"> lIncluye &#xED;ndice.</subfield>
  </datafield>
  <datafield tag="534" ind1=" " ind2=" ">
    <subfield code="a">T&#xED;tulo original: Soil G&#xE9;nesis and classification.</subfield>
    <subfield code="b">Versi&#xF3;n autorizada en espa&#xF1;ol de la primera edici&#xF3;n publicada en ingl&#xE9;s, 1981.</subfield>
    <subfield code="c">Publicada en ingl&#xE9;s por The Iowa State University Press, Ames Iowa, E. U. A. ISBN, 0-8138-1460-X.</subfield>
  </datafield>
  <datafield tag="590" ind1=" " ind2=" ">
    <subfield code="a">Inventariado 2024 / MF</subfield>
  </datafield>
  <datafield tag="700" ind1="1" ind2=" ">
    <subfield code="a">Cont&#xED;n, Agustin,</subfield>
    <subfield code="9">45783</subfield>
    <subfield code="e">traductor</subfield>
  </datafield>
  <datafield tag="942" ind1=" " ind2=" ">
    <subfield code="2">ddc</subfield>
    <subfield code="c">LBS1</subfield>
  </datafield>
  <datafield tag="952" ind1=" " ind2=" ">
    <subfield code="0">0</subfield>
    <subfield code="1">0</subfield>
    <subfield code="2">ddc</subfield>
    <subfield code="5">1</subfield>
    <subfield code="7">0</subfield>
    <subfield code="8">PD</subfield>
    <subfield code="a">BNPHU</subfield>
    <subfield code="b">BNPHU</subfield>
    <subfield code="c">CT</subfield>
    <subfield code="d">2012-06-25</subfield>
    <subfield code="e">Donado por FUNDI</subfield>
    <subfield code="l">0</subfield>
    <subfield code="o">B943g</subfield>
    <subfield code="p">2024-3720</subfield>
    <subfield code="r">2024-06-25</subfield>
    <subfield code="w">2024-06-25</subfield>
    <subfield code="y">LBS1</subfield>
  </datafield>
  <datafield tag="999" ind1=" " ind2=" ">
    <subfield code="c">56978</subfield>
    <subfield code="d">56978</subfield>
  </datafield>
</record>
